Eastern Utah Libraries Catalog: Duchesne, Heber, Roosevelt, & Vernal

Corduroy takes a bow / (Record no. 314223)

MARC details
000 -LEADER
fixed length control field 01850nam a22003375i 4500
005 - DATE AND TIME OF LATEST TRANSACTION
control field 20200320213946.0
008 - FIXED-LENGTH DATA ELEMENTS--GENERAL INFORMATION
fixed length control field 180702s2018 j #00 1 eng d
020 ## - INTERNATIONAL STANDARD BOOK NUMBER
International Standard Book Number 9780425291474 : SAL
Terms of availability 17.99
040 ## - CATALOGING SOURCE
Original cataloging agency CTMM
Language of cataloging eng
Description conventions rda
Transcribing agency CTMM
082 04 - DEWEY DECIMAL CLASSIFICATION NUMBER
Classification number [Fic]
Edition number 23
100 1# - MAIN ENTRY--PERSONAL NAME
Personal name Davis, Viola,
Relator term author.
9 (RLIN) 5013
245 10 - TITLE STATEMENT
Title Corduroy takes a bow /
Statement of responsibility, etc Viola Davis and Jody Wheeler.
250 ## - EDITION STATEMENT
Edition statement [First edition?]
264 #2 - Production, Publication, Distribution, Manufacture, and Copyright Notice.
Place of production, publication, distribution, manufacture Old Saybrook, Connecticut :
Name of producer, publisher, distributor, manufacturer www.micromarketing.org
264 #1 - Production, Publication, Distribution, Manufacture, and Copyright Notice.
Place of production, publication, distribution, manufacture [Place of publication not identified?]:
Name of producer, publisher, distributor, manufacturer Penguin Group USA,
Date of production, publication, distribution, manufacture, or copyr [2018].
300 ## - PHYSICAL DESCRIPTION
Extent [N/A pages ;
Dimensions N/A cm.?]
336 ## - Content Type
Content type term text
337 ## - Media type
Media type term unmediated
338 ## - Carrier type
Carrier type term volume
500 ## - GENERAL NOTE
General note [Typographic symbols and accents removed for systems compatibility.]
520 ## - SUMMARY, ETC.
Summary, etc "Using her own experiences as a Tony Award-winning Broadway actress, Viola Davis writes the story of Corduroy and Lisa's first trip to the theater. As usual, Corduroy adventures off on his own, and readers follow his escapades as he explores all over--from the orchestra pit to the costumes rack to the props table and ultimately on to the stage itself, before being reunited with Lisa. A beautifully illustrated tale with a classic feel, sure to spark an interest in theater in children of any age."--
-- Provided by publisher.
588 ## -
-- Title and description based on researched data; resource not viewed.
650 #1 - SUBJECT ADDED ENTRY--TOPICAL TERM
Topical term or geographic name as entry element Theaters
Form subdivision Fiction.
9 (RLIN) 5689299
650 #1 - SUBJECT ADDED ENTRY--TOPICAL TERM
Topical term or geographic name as entry element Corduroy (Fictitious character)
Form subdivision Fiction.
9 (RLIN) 5985761
651 #1 - SUBJECT ADDED ENTRY--GEOGRAPHIC NAME
Geographic name Broadway (New York, N.Y.)
Form subdivision Fiction.
9 (RLIN) 5715493
700 1# - ADDED ENTRY--PERSONAL NAME
Personal name Wheeler, Jody,
Relator term illustrator.
9 (RLIN) 19539
942 ## - ADDED ENTRY ELEMENTS (KOHA)
Koha item type BOOK
948 ## - LOCAL PROCESSING INFORMATION (OCLC); SERIES PART DESIGNATOR (RLIN)
Series part designator, SPT (RLIN) 10/17/2018
z (OCLC) Sirsi
949 ## - LOCAL PROCESSING INFORMATION (OCLC)
n www.MicroMarketing.org 800-229-9887
996 ## -
-- 156905
-- 34301001565169
-- E
-- bk
-- wcl
-- i
-- 6
-- 17.99
-- micro
-- Dav
-- 10/17/2018
-- 12/16/2019
-- 11/06/2019
Holdings
Withdrawn status Lost status Source of classification or shelving scheme Damaged status Not for loan Collection code Home library Current library Shelving location Date acquired Cost, normal purchase price Total Checkouts Total Renewals Full call number Barcode Date last seen Date checked out Cost, replacement price Price effective from Koha item type
    Dewey Decimal Classification     Children Picture Books Wasatch County Library Wasatch County Library Main Floor Childrens Area 10/17/2018 17.99 26 14 E Freeman 34301001565169 01/13/2026 12/26/2025 17.99 03/20/2020 BOOK
This project was made possible through a grant from the Institute of Museum and Library Service administered by the Utah State Library Division.

Wasatch County Library

  • 465 East 1200 South, Heber City, Utah 84032
  • Phone 435-654-1511 | Fax 435-654-6456

Hours

  • Monday - Friday 9:30 AM - 8:00 PM
  • Saturday 9:30 AM - 1:30 PM
  • Closed Sundays and Holidays